• 首页
  • 本馆介绍
  • 公告通知
  • 最新文献
  • 馆藏检索
  • 电子资源
  • 读者导购
  • 参考咨询
  • 我的图书馆
  • 登录
  • 详细信息显示
  • 放入我的书架
  • 预约/预借图书
  • 作者相关作品
  • 分类相关作品
  • 丛书相关作品
  • 出版社相关作品

书目信息

  • 表格格式
  • 工作单格式
  • 卡片格式
题名:
幼儿教育
    
 
作者: ;中央教育科学研究所幼儿教育研究室 编
分册: 第一辑  
出版信息: 北京   教育科学出版社  1980
页数: 310页
开本: 19cm
丛书名:
单 册:
中图分类: G61
科图分类:
主题词: 学前教育--研究
电子资源:
ISBN:
000 00754nam0 2200241 45
001 0180001273
005 20060306161252.18
010    @dCNY0.75
091    @a7232.3
100    @a19950415d1980 emky0chiy0121 ea
101 0  @achi
102    @aCN@b110000
105    @ay z 000yy
200 10 @a幼儿教育@Ayou er jiao yu@e经验·研究@h第一辑@f中央教育科学研究所幼儿教育研究室编
210    @a北京@c教育科学出版社@d1980
215    @a310页@d19cm
517 1  @a经验·研究@Ajing yan·yan jiu
606    @a学前教育@x研究
690    @aG61@v3
711 02 @a中央教育科学研究所幼儿教育研究室@Azhong yang jiao yu ke xue yan jiu suo you er jiao yu yan jiu shi@4编
801  2 @aCN@bNLC@c20060306
801  0 @aCN@b上海图书馆@c20040425
905    @f1@b45691@dG61@e13:1
    
    幼儿教育:经验·研究.第一辑/中央教育科学研究所幼儿教育研究室编.-北京:教育科学出版社,1980
    310页;19cm
    
    
    ISBN :CNY0.75
    
●
相关链接 在E读中查询图书 在五车中查询图书 在当当中查询图书 在豆瓣中查询图书


正题名:幼儿教育     索取号:G61/13:1         预约/预借

序号 登录号 条形码 馆藏地/架位号 状态 备注
1 0045691   000464786   密集书库/ [索取号:G61/13:1] 在馆    
2 0045692   202202687   密集书库/ [索取号:G61/13:1] 在馆    
唐山师范学院图书馆 欢迎您!
大连网信软件有限公司© 版权所有